Library Catalog

Best British short stories 2017 / (Record no. 492665)

MARC details
000 -LEADER
fixed length control field 01468nam a22002177a 4500
003 - CONTROL NUMBER IDENTIFIER
control field OSt
005 - DATE AND TIME OF LATEST TRANSACTION
control field 20260511123424.0
008 - FIXED-LENGTH DATA ELEMENTS--GENERAL INFORMATION
fixed length control field 260511b |||||||| |||| 00| 0 eng d
020 ## - INTERNATIONAL STANDARD BOOK NUMBER
International Standard Book Number 9781784631123
040 ## - CATALOGING SOURCE
Original cataloging agency Kenya National Library Service
082 ## - DEWEY DECIMAL CLASSIFICATION NUMBER
Classification number 823.0108092 BES
245 ## - TITLE STATEMENT
Title Best British short stories 2017 /
Statement of responsibility, etc. edited by Nicholas Royle.
300 ## - PHYSICAL DESCRIPTION
Extent ix, 203 pages ;
Dimensions 20 cm.
520 ## - SUMMARY, ETC.
Summary, etc. The nation's favourite annual guide to the short story, now in its seventh year.Best British Short Stories invites you to judge a book by its cover - or more accurately, by its title. This critically acclaimed series aims to reprint the best short stories published in the previous calendar year by British writers, whether based in the UK or elsewhere. The editor's brief is wide ranging, covering anthologies, collections, magazines, newspapers and web sites, looking for the best of the bunch to reprint all in one volume.Featuring stories by Jay Barnett, Peter Bradshaw, Rosalind Brown, Krishan Coupland, Claire Dean, Niven Govinden, Françoise Harvey, Andrew Michael Hurley, Daisy Johnson, James Kelman, Giselle Leeb, Courttia Newland, Vesna Main, Eliot North, Irenosen Okojie, Laura Pocock, David Rose, Deirdre Shanahan, Sophie Wellstood and Lara Williams.
650 ## - SUBJECT ADDED ENTRY--TOPICAL TERM
Topical term or geographic name entry element Short stories.
650 ## - SUBJECT ADDED ENTRY--TOPICAL TERM
Topical term or geographic name entry element Collections of English.
700 ## - ADDED ENTRY--PERSONAL NAME
Personal name Royle, Nicholas
Relator term Editor
942 ## - ADDED ENTRY ELEMENTS (KOHA)
Source of classification or shelving scheme Dewey Decimal Classification
Koha item type Books
Suppress in OPAC No
Holdings
Withdrawn status Source of classification or shelving scheme Damaged status Not for loan Home library Current library Date acquired Source of acquisition Cost, normal purchase price Total checkouts Full call number Barcode Date last seen Price effective from Koha item type
  Dewey Decimal Classification     Nakuru Library Acquisition, Cataloguing, Classification and Distribution Development 05/11/2026 BAI 749.00   823.0108092 BES B227845 05/11/2026 05/11/2026 Books

© 2025, Kenya National Library Service | Designed & Maintained by Uvumbuzi Center